<?xml version="1.0" encoding="UTF-8"?><?xml-stylesheet type="text/xsl" href="static/style.xsl"?><OAI-PMH xmlns="http://www.openarchives.org/OAI/2.0/" xmlns:xsi="http://www.w3.org/2001/XMLSchema-instance" xsi:schemaLocation="http://www.openarchives.org/OAI/2.0/ http://www.openarchives.org/OAI/2.0/OAI-PMH.xsd"><responseDate>2026-04-17T03:00:23Z</responseDate><request verb="GetRecord" identifier="oai:www.recercat.cat:10459.1/58573" metadataPrefix="marc">https://recercat.cat/oai/request</request><GetRecord><record><header><identifier>oai:recercat.cat:10459.1/58573</identifier><datestamp>2024-12-05T21:28:24Z</datestamp><setSpec>com_2072_3622</setSpec><setSpec>col_2072_479130</setSpec></header><metadata><record xmlns="http://www.loc.gov/MARC21/slim" xmlns:dcterms="http://purl.org/dc/terms/" xmlns:xsi="http://www.w3.org/2001/XMLSchema-instance" xmlns:doc="http://www.lyncode.com/xoai" xsi:schemaLocation="http://www.loc.gov/MARC21/slim http://www.loc.gov/standards/marcxml/schema/MARC21slim.xsd">
   <leader>00925njm 22002777a 4500</leader>
   <datafield ind2=" " ind1=" " tag="042">
      <subfield code="a">dc</subfield>
   </datafield>
   <datafield ind2=" " ind1=" " tag="720">
      <subfield code="a">Alegre Vilas, Isabel</subfield>
      <subfield code="e">author</subfield>
   </datafield>
   <datafield ind2=" " ind1=" " tag="720">
      <subfield code="a">Viñas Almenar, Inmaculada</subfield>
      <subfield code="e">author</subfield>
   </datafield>
   <datafield ind2=" " ind1=" " tag="720">
      <subfield code="a">Usall i Rodié, Josep</subfield>
      <subfield code="e">author</subfield>
   </datafield>
   <datafield ind2=" " ind1=" " tag="720">
      <subfield code="a">Anguera, Marina</subfield>
      <subfield code="e">author</subfield>
   </datafield>
   <datafield ind2=" " ind1=" " tag="720">
      <subfield code="a">Figge, Marian J.</subfield>
      <subfield code="e">author</subfield>
   </datafield>
   <datafield ind2=" " ind1=" " tag="720">
      <subfield code="a">Abadias i Sero, Mª Isabel</subfield>
      <subfield code="e">author</subfield>
   </datafield>
   <datafield ind2=" " ind1=" " tag="260">
      <subfield code="c">2016-11-18T09:14:46Z</subfield>
   </datafield>
   <datafield ind2=" " ind1=" " tag="260">
      <subfield code="c">2025-01-01</subfield>
   </datafield>
   <datafield ind2=" " ind1=" " tag="260">
      <subfield code="c">2012</subfield>
   </datafield>
   <datafield ind2=" " ind1=" " tag="520">
      <subfield code="a">Currently, chlorine is the most widely used decontaminant in the minimally processed (MP) food industry. However, it does not achieve more than a 1–2 log reduction in bacterial populations. Efficient decontamination of MP produce could create a less competitive environment in which pathogens can multiply without restriction. Therefore, our objective was to test the efficacy of the biopreservative bacterial strain CPA-6 isolated from MP apples to control a non-pathogenic strain of Escherichia coli O157:H7, Salmonella and Listeria innocua on MP apples and peaches. Apple and peach plugs were co-inoculated with a suspension containing one of the pathogens (105 colony forming units (cfu) plug−1) and CPA-6 (106 cfu plug−1) and incubated at 20 °C or 5 °C. CPA-6 effectively inhibited the growth of, or reduced, in some cases to below the limit of detection, pathogen populations on both fruit incubated for 2 days at 20 °C and of E. coli on both fruit incubated at 5 °C, compared with the pathogen inoculated alone. The minimum effective dose required to inhibit any of the pathogens tested was 106 cfu plug−1 on both fruit and at both temperatures and it did not cause a hypersensitive reaction on tobacco plants. Finally, CPA-6 could not be assigned to any of the recognised species within the family Enterobacteriaceae based on phenotypic and 16S rRNA results. Therefore, this strain may be a suitable microorganism to use as a biopreservative culture to control the growth of food borne pathogens on MP fruit.</subfield>
   </datafield>
   <datafield ind2=" " ind1=" " tag="520">
      <subfield code="a">The authors are grateful to the ISAFRUIT Project funded by the European Commission under thematic priority 5-Food Quality and Safety of the 6th Framework programme of RTD (Contract n°. FP6-FOOD-CT-2006-016279) and to the Spanish Government for research project AGL-2004-06027, INIA researcher contract, Orden CTE/3597/2003, BOE 23/12/2003) and for grant AP2006-03711.</subfield>
   </datafield>
   <datafield ind1="8" ind2=" " tag="024">
      <subfield code="a">http://hdl.handle.net/10459.1/58573</subfield>
   </datafield>
   <datafield tag="653" ind2=" " ind1=" ">
      <subfield code="a">Escherichia coli O157</subfield>
   </datafield>
   <datafield tag="653" ind2=" " ind1=" ">
      <subfield code="a">H7</subfield>
   </datafield>
   <datafield tag="653" ind2=" " ind1=" ">
      <subfield code="a">Salmonella</subfield>
   </datafield>
   <datafield tag="653" ind2=" " ind1=" ">
      <subfield code="a">Listeria innocua</subfield>
   </datafield>
   <datafield ind2="0" ind1="0" tag="245">
      <subfield code="a">An Enterobacteriaceae species isolated from apples controls foodborne pathogens on fresh-cut apples and peaches</subfield>
   </datafield>
</record></metadata></record></GetRecord></OAI-PMH>